00652nam a2200181 i 450000100060000000300090000600500170001500700030003200800410003510000370007624500990011325000130021226000600022530000270028585200210031299900170033395201200035089446ES-MaACL20230906180157.0t|050110s1911 fr ||||1| fre d1 aLanglois, Charles-Victor.97006313aLa vie en France au moyen âge d'après quelques moralistes du temps /cCh. Victor Langlois. a2eme ed. aParís : b[s.n., c1911] (eChartres : fImp. Durand) aXIX, 359 p. ; c19 cm. aES-MaACLjF-9325 c89446d89446 00104070aATENEOMbATENEOMcSPP2d2008-01-17eSCl0oF-9325p1093415r2023-02-23 00:00:00w2023-02-23yMONOGRAFIA